Environmental psychology (Record no. 479797)

MARC details
000 -LEADER
fixed length control field 01701cam a2200385 a 4500
001 - CONTROL NUMBER
control field EDZ0000064014
003 - CONTROL NUMBER IDENTIFIER
control field StDuBDS
005 - DATE AND TIME OF LATEST TRANSACTION
control field 20161031105125.0
006 - FIXED-LENGTH DATA ELEMENTS--ADDITIONAL MATERIAL CHARACTERISTICS--GENERAL INFORMATION
fixed length control field m||||||||d||||||||
007 - PHYSICAL DESCRIPTION FIXED FIELD--GENERAL INFORMATION
fixed length control field cr |||||||||||
008 - FIXED-LENGTH DATA ELEMENTS--GENERAL INFORMATION
fixed length control field 120327s1995 enka fo| 001|0|eng|d
020 ## - INTERNATIONAL STANDARD BOOK NUMBER
International Standard Book Number 9781446250549 (ebook) :
Terms of availability No price
040 ## - CATALOGING SOURCE
Original cataloging agency StDuBDS
Language of cataloging eng
Transcribing agency StDuBDS
Description conventions pn
041 1# - LANGUAGE CODE
Language code of text/sound track or separate title eng
Language code of original and/or intermediate translations of text ita
049 ## - LOCAL HOLDINGS (OCLC)
Holding library Alfaisal Main Library
050 #0 - LIBRARY OF CONGRESS CALL NUMBER
Classification number BF353
Item number .B6613 1995
082 04 - DEWEY DECIMAL CLASSIFICATION NUMBER
Classification number 155.9
Edition number 23
100 1# - MAIN ENTRY--PERSONAL NAME
Personal name Bonnes, Mirilia.
240 10 - UNIFORM TITLE
Uniform title <a href="Psicologia ambientale.">Psicologia ambientale.</a>
Language of a work English
245 10 - TITLE STATEMENT
Title Environmental psychology
Medium [electronic resource] :
Remainder of title a psycho-social introduction /
Statement of responsibility, etc Mirilia Bonnes and Gianfranco Secchiaroli ; translated by Clare Montagna.
260 ## - PUBLICATION, DISTRIBUTION, ETC. (IMPRINT)
Place of publication, distribution, etc London :
Name of publisher, distributor, etc SAGE,
Date of publication, distribution, etc 1995.
300 ## - PHYSICAL DESCRIPTION
Extent 1 online resource (vii, 230 p.) :
Other physical details ill.
520 8# - SUMMARY, ETC.
Summary, etc The authors start with a review of the history of environmental psychology, highlighting its interdisciplinary nature. They trace its roots in architecture, ecology and geography, and examine the continuing relationship of these subjects to the psychological tradition. The book then moves through key contemporary lines of research in the field.
521 ## - TARGET AUDIENCE NOTE
Target audience note Specialized.
546 ## - LANGUAGE NOTE
Language note Translated from the Italian.
588 ## -
-- Description based on print version record.
504 ## - BIBLIOGRAPHY, ETC. NOTE
Bibliography, etc Includes bibliographical references and index.
650 #0 - SUBJECT ADDED ENTRY--TOPICAL TERM
Topical term or geographic name as entry element Environmental psychology.
655 #7 - INDEX TERM--GENRE/FORM
Genre/form data or focus term Electronic books.
Source of term local
700 1# - ADDED ENTRY--PERSONAL NAME
Personal name Secchiaroli, Gianfranco.
710 2# - ADDED ENTRY--CORPORATE NAME
Corporate name or jurisdiction name as entry element Sage eBooks
776 08 - ADDITIONAL PHYSICAL FORM ENTRY
Display text Print version :
International Standard Book Number 9780803979062
856 40 - ELECTRONIC LOCATION AND ACCESS
Uniform Resource Identifier <a href="http://ezproxy.alfaisal.edu/login?url=http://sk.sagepub.com/books/environmental-psychology">http://ezproxy.alfaisal.edu/login?url=http://sk.sagepub.com/books/environmental-psychology</a>
942 ## - ADDED ENTRY ELEMENTS (KOHA)
Source of classification or shelving scheme Library of Congress Classification
Koha item type eBooks

No items available.

Copyright © 2020 Alfaisal University Library. All Rights Reserved.
Tel: +966 11 2158948 Fax: +966 11 2157910 Email:
librarian@alfaisal.edu